Iron Maiden Songs - Statistics

General Stats
  • This quiz has been taken 67 times
  • The average score is 53 of 161
Answer Stats
Album Song % Correct
Iron Maiden (1980) Iron Maiden
86%
The Number of the Beast (1982) The Number of the Beast
84%
Piece of Mind (1983) The Trooper
82%
Killers (1981) Killers
78%
Powerslave (1984) Powerslave
78%
Fear of the Dark (1992) Fear of the Dark
76%
The Number of the Beast (1982) Run to the Hills
74%
The Number of the Beast (1982) Hallowed Be Thy Name
70%
Powerslave (1984) Aces High
66%
Seventh Son of a Seventh Son (1988) Seventh Son of a Seventh Son
66%
Dance of Death (2003) Dance of Death
64%
Powerslave (1984) 2 Minutes to Midnight
62%
No Prayer for the Dying (1990) No Prayer for the Dying
62%
Brave New World (2000) Brave New World
60%
The Book of Souls (2015) The Book of Souls
60%
Powerslave (1984) Rime of the Ancient Mariner
58%
Senjutsu (2021) Senjutsu
58%
Somewhere In Time (1986) Wasted Years
58%
The Number of the Beast (1982) 22 Acacia Avenue
52%
Piece of Mind (1983) Flight of Icarus
52%
Iron Maiden (1980) Phantom of the Opera
52%
Iron Maiden (1980) Prowler
50%
Killers (1981) Wrathchild
50%
Somewhere In Time (1986) Alexander the Great
48%
No Prayer for the Dying (1990) Bring Your Daughter... To the Slaughter
48%
Somewhere In Time (1986) Caught Somewhere In Time
48%
Iron Maiden (1980) Charlotte the Harlot
48%
The Number of the Beast (1982) Children of the Damned
48%
Seventh Son of a Seventh Son (1988) Moonchild
48%
Seventh Son of a Seventh Son (1988) Can I Play With Madness
46%
Brave New World (2000) The Wicker Man
46%
Fear of the Dark (1992) Wasting Love
46%
Piece of Mind (1983) Where Eagles Dare
46%
The Number of the Beast (1982) Invaders
44%
Iron Maiden (1980) Running Free
44%
Fear of the Dark (1992) Be Quick or Be Dead
42%
Killers (1981) Murders In the Rue Morgue
42%
The Number of the Beast (1982) The Prisoner
42%
Powerslave (1984) Flash of the Blade
40%
The Number of the Beast (1982) Gangland
40%
Seventh Son of a Seventh Son (1988) The Evil That Men Do
40%
Iron Maiden (1980) Transylvania
40%
Powerslave (1984) Back In the Village
38%
No Prayer for the Dying (1990) Holy Smoke
38%
Iron Maiden (1980) Remember Tomorrow
38%
Iron Maiden (1980) Strange World
38%
Virtual XI (1998) The Clansman
38%
The Final Frontier (2010) El Dorado
36%
Killers (1981) Genghis Khan
36%
No Prayer for the Dying (1990) Tailgunner
36%
Fear of the Dark (1992) Afraid to Shoot Strangers
34%
Brave New World (2000) Blood Brothers
34%
Virtual XI (1998) Futureal
34%
No Prayer for the Dying (1990) Mother Russia
34%
Virtual XI (1998) The Angel and the Gambler
34%
Somewhere In Time (1986) The Loneliness of the Long Distance Runner
34%
Somewhere In Time (1986) Deja-Vu
32%
Seventh Son of a Seventh Son (1988) Infinite Dreams
32%
Powerslave (1984) Losfer Words (Big 'Orra)
32%
The X Factor (1995) Man on the Edge
32%
Killers (1981) Purgatory
32%
Dance of Death (2003) Rainmaker
32%
The Book of Souls (2015) Speed of Light
32%
Seventh Son of a Seventh Son (1988) The Clairvoyant
32%
Piece of Mind (1983) Die With Your Boots On
30%
A Matter of Life and Death (2006) Different World
30%
The Book of Souls (2015) Empire of the Clouds
30%
Seventh Son of a Seventh Son (1988) Only the Good Die Young
30%
Dance of Death (2003) Paschendale
30%
The Final Frontier (2010) Satellite 15... The Final Frontier
30%
Somewhere In Time (1986) Stranger In a Strange Land
30%
Senjutsu (2021) Stratego
30%
Piece of Mind (1983) Sun and Steel
30%
Senjutsu (2021) The Writing on the Wall
30%
Piece of Mind (1983) To Tame a Land
30%
A Matter of Life and Death (2006) Brighter Than a Thousand Suns
28%
Brave New World (2000) Ghost of the Navigator
28%
Somewhere In Time (1986) Heaven Can Wait
28%
Piece of Mind (1983) Revelations
28%
Somewhere In Time (1986) Sea of Madness
28%
The X Factor (1995) Sign of the Cross
28%
A Matter of Life and Death (2006) The Reincarnation of Benjamin Breeg
28%
Dance of Death (2003) Wildest Dreams
28%
Virtual XI (1998) Como estais amigos
26%
Killers (1981) Drifter
26%
Fear of the Dark (1992) From Here to Eternity
26%
Dance of Death (2003) Gates of Tomorrow
26%
Senjutsu (2021) Hell on Earth
26%
Dance of Death (2003) Montségur
26%
Brave New World (2000) Out of the Silent Planet
26%
Killers (1981) Prodigal Son
26%
Piece of Mind (1983) Still Life
26%
Powerslave (1984) The Duelists
26%
Brave New World (2000) The Mercenary
26%
A Matter of Life and Death (2006) The Pilgrim
26%
A Matter of Life and Death (2006) These Colours Don't Run
26%
The Final Frontier (2010) The Talisman
26%
Brave New World (2000) The Thin Line Between Love and Hate
26%
Senjutsu (2021) The Time Machine
26%
Fear of the Dark (1992) Weekend Warrior
26%
The Final Frontier (2010) When the Wild Wind Blows
26%
The X Factor (1995) 2 A.M.
24%
Senjutsu (2021) Days of Future Past
24%
Dance of Death (2003) Face In the Sand
24%
Fear of the Dark (1992) Fear Is the Key
24%
A Matter of Life and Death (2006) For the Greater Good of God
24%
The Book of Souls (2015) If Eternity Should Fail
24%
Killers (1981) Innocent Exile
24%
Dance of Death (2003) Journeyman
24%
Virtual XI (1998) Lightning Strikes Twice
24%
A Matter of Life and Death (2006) Lord of Light
24%
Dance of Death (2003) No More Lies
24%
The Final Frontier (2010) The Man Who Would Be King
24%
Brave New World (2000) The Nomad
24%
Seventh Son of a Seventh Son (1988) The Prophecy
24%
The Book of Souls (2015) The Red and the Black
24%
Dance of Death (2003) Age of Innocence
22%
Fear of the Dark (1992) Childhood's End
22%
The Final Frontier (2010) Coming Home
22%
Dance of Death (2003) New Frontier
22%
A Matter of Life and Death (2006) Out of the Shadows
22%
The Final Frontier (2010) Starblind
22%
No Prayer for the Dying (1990) The Assassin
22%
Virtual XI (1998) The Educated Fool
22%
A Matter of Life and Death (2006) The Legacy
22%
The Book of Souls (2015) The Man of Sorrows
22%
Virtual XI (1998) When Two Worlds Collide
22%
Senjutsu (2021) Darkest Hour
20%
No Prayer for the Dying (1990) Hooks In You
20%
Senjutsu (2021) Lost In a Lost World
20%
The Final Frontier (2010) Mother of Mercy
20%
The Final Frontier (2010) The Alchemist
20%
Fear of the Dark (1992) The Apparition
20%
The Book of Souls (2015) The Great Unknown
20%
A Matter of Life and Death (2006) The Longest Day
20%
Senjutsu (2021) The Parchment
20%
The X Factor (1995) Blood on the World's Hands
18%
Virtual XI (1998) Don't Look to the Eyes of a Stranger
18%
Brave New World (2000) Dream of Mirrors
18%
No Prayer for the Dying (1990) Fates Warning
18%
The Final Frontier (2010) Isle of Avalon
18%
Fear of the Dark (1992) Judas Be My Guide
18%
The X Factor (1995) Judgement of Heaven
18%
The X Factor (1995) Lord of the Flies
18%
No Prayer for the Dying (1990) Public Enema Number One
18%
Piece of Mind (1983) Quest for Fire
18%
No Prayer for the Dying (1990) Run Silent Run Deep
18%
The Book of Souls (2015) Shadows of the Valley
18%
The Book of Souls (2015) Tears of a Clown
18%
The X Factor (1995) The Aftermath
18%
The Book of Souls (2015) When the River Runs Deep
18%
Killers (1981) Another Life
16%
The Book of Souls (2015) Death or Glory
16%
The X Factor (1995) Fortunes of War
16%
The X Factor (1995) Look for the Truth
16%
Brave New World (2000) The Fallen Angel
16%
Fear of the Dark (1992) Chains of Misery
12%
Fear of the Dark (1992) The Fugitive
12%
The X Factor (1995) The Edge of Darkness
10%
Senjutsu (2021) Death of the Calls
2%
Killers (1981) The Idles of March
0%
No matching quizzes found
Score Distribution
Percent of People with Each Score
Percentile by Number Answered
Your Score History
You have not taken this quiz